| 000 | 00459pab a2200169 454500 | ||
|---|---|---|---|
| 008 | 180718b2013 xxu||||| |||| 00| 0 eng d | ||
| 100 | _aSun, Ying | ||
| 245 | _aIndependent candidates in Mainland China: Origin development and implications for China's democratization | ||
| 260 | _c2013 | ||
| 300 | _ap.245-268. | ||
| 362 | _aMar-Apr | ||
| 650 | _aElections - China | ||
| 650 | _aElections | ||
| 773 | _aAsian Survey | ||
| 908 | _aN | ||
| 909 | _a100969 | ||
| 999 |
_c100968 _d100968 |
||